|
|
|
|
| LEADER |
00000 a a2200000 04500 |
| 001 |
30866 |
| 003 |
cru CIDCACS/IIS |
| 005 |
20240710105840.0 |
| 008 |
231109b2002 cr ||||| |||| 00| 0 spa d |
| 020 |
|
|
|a [Sin ISBN]
|
| 040 |
|
|
|c cru CIDCACS/IIS
|a spa
|b cru CIDCACS/IIS
|
| 090 |
|
|
|a 07.01.02 S446p
|
| 110 |
|
|
|a Secretaría Ejecutiva de Planificación Sectorial Agropecuario
|
| 245 |
|
|
|a Políticas para el sector agropecuario costarricense 2002-2006 /
|c Secretaría Ejecutiva de Planificación Sectorial Agropecuario
|h [impreso]
|
| 260 |
|
|
|a San José, Costa Rica:
|b SEPSA,
|c 2002
|
| 300 |
|
|
|a 36 páginas
|
| 942 |
|
|
|2 z
|c LI
|i 11012
|h 07.01.02 S446p
|k 07.01.02
|m S446p
|6 070102_S446P_11012
|
| 999 |
|
|
|c 11640
|d 11640
|